Statistics for U.S. States With Letter W

Click here to take the quiz!

General Stats

  • This quiz has been taken 117 times
  • The average score is 9 of 11

Answer Stats

State% Correct
Washington
97%
Wyoming
96%
West Virginia
93%
New Mexico
87%
New York
87%
Wisconsin
86%
New Hampshire
84%
New Jersey
84%
Hawaii
76%
Iowa
72%
Delaware
65%

Score Distribution

Percentile by Number Answered

Percent of People with Each Score

Your Score History

You have not taken this quiz